ARRUPE JESUIT UNIVERSITY

CORONAVIRUS -STOP THE SPREAD - CLEAN,DISINFECT,COVER

Educating today and tomorrow, a renewing passion (Record no. 124287)

MARC details
000 -LEADER
fixed length control field 00533nam a22001457a 4500
005 - DATE AND TIME OF LATEST TRANSACTION
control field 20160307082638.0
008 - FIXED-LENGTH DATA ELEMENTS--GENERAL INFORMATION
fixed length control field 160302b xxu||||| |||| 00| 0 eng d
050 ## - LIBRARY OF CONGRESS CALL NUMBER
Classification number BX1855.C3E241
100 ## - MAIN ENTRY--PERSONAL NAME
Personal name Congregation for Catholic Education
9 (RLIN) 22685
245 ## - TITLE STATEMENT
Title Educating today and tomorrow, a renewing passion
Remainder of title Lineamenta
Statement of responsibility, etc Congregation for Catholic Education
260 ## - PUBLICATION, DISTRIBUTION, ETC. (IMPRINT)
Place of publication, distribution, etc Rome
Name of publisher, distributor, etc Congregation For Catholic Education
Date of publication, distribution, etc 2015
300 ## - PHYSICAL DESCRIPTION
Extent 272p.;
Dimensions 21cm.
650 ## - SUBJECT ADDED ENTRY--TOPICAL TERM
Topical term or geographic name as entry element Catholic Church
General subdivision Education
Form subdivision Congresses
9 (RLIN) 22686
942 ## - ADDED ENTRY ELEMENTS (KOHA)
Source of classification or shelving scheme Library of Congress Classification
Item type Monograph ( Printed materials)
Holdings
Withdrawn status Lost status Source of classification or shelving scheme Damaged status Not for loan Collection code Home library Current library Shelving location Date acquired Total Checkouts Full call number Barcode Date last seen Date last borrowed Price effective from Koha item type
    Library of Congress Classification     Main Collection ARRUPE LIBRARY ARRUPE LIBRARY Main Collection 02/03/2016 1 BX1855.C3E241 46500006721 05/11/2018 16/10/2018 02/03/2016 Monograph ( Printed materials)

 

Arrupe Library. PO Box MP320 Mt Pleasant, Harare, Zimbabwe
263 242 745411|librarian@aju.ac.zw